00899nam a2200277 a 450000100060000000300080000600500170001400800410003103500190007204000370009104100080012808200250013610000380016124500830019926000420028230000340032449000290035850000320038750400400041965000310045965000380049065000180052865000100054670000360055683000290059277651BD-RjUL20211209083016.0201220s1960 enk b 000 0 eng u a(BD-RjUL)77877 aYNGdOCLdm.cdEQObengcBD-RjUL aeng 223a822.33bSHT 19601 aShakespeare, William,d1564-1616.14aThe tragedy of Coriolanus /cWilliam Shakespeare; Edited by John Dover Wilson. aCambridge :bUniversity Press,c1960. aliii, 274 p. :bill. ;c18 cm1 aThe works of Shakespeare aEdited by John Dover Wilson aIncludes bibliographical references aCoriolanus, Cnaeus Marcius aCoriolanus (Shakespeare, William) aRome (Empire) aDrama1 aWilson, John Dover,d1881-1969. aThe works of Shakespeare